Automobile Mechanics (Record no. 6236)

MARC details
000 -LEADER
fixed length control field 00284nam a2200121Ia 4500
008 - FIXED-LENGTH DATA ELEMENTS--GENERAL INFORMATION
fixed length control field 191201s2014 xx 000 0 und d
100 ## - MAIN ENTRY--PERSONAL NAME
Personal name GIRL, N.K.
245 #0 - TITLE STATEMENT
Title Automobile Mechanics
260 ## - PUBLICATION, DISTRIBUTION, ETC. (IMPRINT)
Place of publication, distribution, etc N. delhi
Name of publisher, distributor, etc khanna
Date of publication, distribution, etc 2014
300 ## - PHYSICAL DESCRIPTION
Extent 1015
650 ## - SUBJECT ADDED ENTRY--TOPICAL TERM
Topical term or geographic name as entry element B.Tech(ME)
942 ## - ADDED ENTRY ELEMENTS (KOHA)
Source of classification or shelving scheme Dewey Decimal Classification
Koha item type Text Books
942 ## - ADDED ENTRY ELEMENTS (KOHA)
-- 2
Holdings
Withdrawn status Lost status Source of classification or shelving scheme Damaged status Not for loan Collection code Home library Current library Date acquired Source of acquisition Cost, normal purchase price Bill Number Total Checkouts Full call number Acc. no. / Barcode Date last seen Actual Cost, discounted price Bill Date Koha item type Date last borrowed
    Dewey Decimal Classification     B.Tech(ME) PIET C-LIBRARY PIET C-LIBRARY 18/02/2015 KIRTI PRAKASHAN, NEW DELHI 320.00 IN2228   629.287 GIA 25434 04/12/2019 246.40 17/02/2015 Text Books  
    Dewey Decimal Classification     B.Tech(ME) PIET C-LIBRARY PIET C-LIBRARY 18/02/2015 KIRTI PRAKASHAN, NEW DELHI 320.00 IN2228 1 629.287 GIA 25437 01/03/2021 246.40 17/02/2015 Text Books 15/02/2021
    Dewey Decimal Classification     B.Tech(ME) PIET C-LIBRARY PIET C-LIBRARY 18/02/2015 KIRTI PRAKASHAN, NEW DELHI 320.00 IN2228   629.287 GIA 25438 04/12/2019 246.40 17/02/2015 Text Books  
    Dewey Decimal Classification     B.Tech(ME) PIET C-LIBRARY PIET C-LIBRARY 18/02/2015 KIRTI PRAKASHAN, NEW DELHI 320.00 IN2228   629.287 GIA 25439 04/12/2019 246.40 17/02/2015 Text Books  
    Dewey Decimal Classification     B.Tech(ME) PIET C-LIBRARY PIET C-LIBRARY 18/02/2015 KIRTI PRAKASHAN, NEW DELHI 320.00 IN2228 1 629.287 GIA 25440 21/10/2022 246.40 17/02/2015 Text Books 07/10/2022

Design & Developed by: PIET Central Library
R70 Miles Stone Pattikalyana Samalkha Panipat 132102
mail ID :- [email protected], Phone No:- 0180-2569700 Ex.216